000 00517nam a22001817a 4500
003 URS
005 20220114171628.0
008 170324b xxu||||| |||| 00| 0 eng d
020 _a0070412413
050 _aHF5635
_bM49 1977
100 _aMeigs, Walter B.
_4author
245 _aAccounting:
_bthe basics for business decisions
_cWalter B. Meigs
250 _aFourth Edition
260 _aNew York:
_bMcGraw-Hill,
_c1977
300 _axix, 1034 pages;
_c24 cm.
700 _4author
_aJohnson, Charles
942 _cFR
_2lcc
999 _c14337
_d14337